Statistiken für Top-10-Singles von Sean Paul

Klicken Sie hier um das Quiz zu spielen!

Allgemein

  • Dieses Quiz wurde 20 mal gespielt
  • Das Durchschnittsergebnis liegt bei 3 aus 13

Antwortstatistiken

ErscheinungsjahrTitel% Korrekt
2011She Doesn’t Mind
65%
2003Get Busy
53%
2016Cheap Thrills (feat. Sia)
29%
2005We Be Burnin’
29%
2016Rockabye (feat. Clean Bandit)
24%
2016No Lie (feat. Dua Lipa)
18%
2013Other Side of Love
18%
2003Baby Boy (feat. Beyoncé)
12%
2003Breathe (feat. Blu Cantrell)
12%
2018Mad Love (feat. David Guetta & Becky G)
12%
2011Summer Paradise (feat. Simple Plan)
12%
2011Got 2 Luv U (feat. Alexis Jordan)
6%
2012She Makes Me Go (feat. Arash)
6%

Verteilung der Resultate

Perzentil nach korrekt beantworteten Fragen

Anzahl Personen mit jedem Resultat

Ihre Resultats-Entwicklung

Sie haben dieses Quiz noch nicht gespielt